000
00310nam a22001337a 4500
008
181005b xxu||||| |||| 00| 0 eng d
020
_a
06910245251
041
_a
eng
080
_a
201
100
_a
24
101
_a
TEO
245
_a
Theology and the Scientific Imagination
_c
Funkestein, A
942
_2
udc
_c
BK
999
_c
48891
_d
48891